Dress lyrics - Statistics

General Stats
  • This quiz has been taken 506 times
  • The average score is 377 of 459
Answer Stats
Lyrics % Correct
I
99%
a
97%
you
97%
You
97%
of
96%
on
96%
in
95%
an
94%
dress
94%
so
94%
the
94%
and
93%
And
93%
it
93%
take
93%
Take
93%
this
93%
could
92%
me
92%
me,
92%
My
92%
my
92%
off
92%
off,
92%
your
92%
Only
91%
only,
91%
bought
90%
when
90%
best
88%
like
87%
don't
86%
friend
86%
just
86%
no
86%
want
86%
All
83%
all
83%
hands
81%
name
79%
are
78%
they
78%
everything
77%
room
77%
shaking
77%
stops
77%
about
76%
Say
76%
to
76%
Our
75%
from
74%
time
74%
even
73%
Even
73%
secret
73%
back
72%
moments
72%
got
71%
worst
71%
hair
70%
idea
70%
is
70%
see
70%
shape
70%
tattoo
70%
we
70%
crowded
69%
Flashback
69%
golden
69%
mark
69%
met
69%
buzzcut
68%
times,
68%
up
68%
by
67%
holding
67%
There
67%
waiting
67%
silence
66%
bleached
65%
side
65%
wake
64%
anticipation
63%
'Cause
62%
into
62%
mistakes,
62%
one
62%
woke
62%
Made
61%
made
61%
truth
61%
but
60%
Now
60%
know
59%
not
59%
patience,
59%
saw
59%
were
59%
we're
59%
can't
58%
indentation
58%
us,
57%
bedpost
56%
Carve
56%
at
55%
earthquakes
55%
I'm
55%
lifeline
53%
rebounds,
53%
that
53%
They've
53%
desperately
51%
kiss
51%
nothing
51%
both
50%
if
50%
drunk
49%
explain
49%
face
49%
least
49%
pining
48%
bathtub
47%
Everyone
47%
lies,
47%
get
45%
thinks
45%
burned,
44%
electrified
44%
gonna
43%
try
43%
wine
43%
shake,
41%
spilling
38%
Inescapable,
32%
No matching quizzes found
Score Distribution
Percent of People with Each Score
Percentile by Number Answered
Your Score History
You have not taken this quiz